UBT Library

HANDBOOK OF ELECTRICAL NOISE: MEASUREMENT AND TECHNOLOGY (Record no. 14091)

000 -LEADER
fixed length control field 00300nam a22001217a 4500
008 - FIXED-LENGTH DATA ELEMENTS--GENERAL INFORMATION
fixed length control field 170524b xxu||||| |||| 00| 0 eng d
041 ## - LANGUAGE CODE
Language code of text/sound track or separate title eng
080 ## - UNIVERSAL DECIMAL CLASSIFICATION NUMBER
Universal Decimal Classification number 621.3
100 ## - Rafti
Rafti 26
101 ## - Shkurtesa
Shkurtesa IM
245 ## - TITLE STATEMENT
Title HANDBOOK OF ELECTRICAL NOISE: MEASUREMENT AND TECHNOLOGY
Statement of responsibility, etc VERGERS, CH.A
942 ## - ADDED ENTRY ELEMENTS (KOHA)
Source of classification or shelving scheme
Item type Books
Holdings
Withdrawn status Lost status Source of classification or shelving scheme Damaged status Not for loan Collection code Permanent location Current location Shelving location Date acquired Total Checkouts Full call number Barcode Date last seen Price effective from Koha item type
          Koleksioni i përgjithshem UBT - Lipjan UBT - Lipjan Koleksioni i përgjithshem 05/24/2017   621.3 VER 002-286801 05/24/2017 05/24/2017 Books
UBT Library © 2015-2024. All rights reserved University Education for Business and Technology